00505pab a2200157 454500008004000000100001800040245005600058260000900114300001100123362000800134650004200142773003300184909001000217999001700227952010300244180718b1988 xxu||||| |||| 00| 0 eng d aSridhar, M.J. aCase profiles of beneficiaries of IRDP in Karnataka c1988 a311-21 aMay aRural Development - India - Karnataka aJournal of Rural Development a17562 c17562d17562 00104070aIIPAbIIPAd2018-07-19hVolume no: 7, Issue no: 3pAR17622r2018-07-19w2018-07-19yAR